Largest Cities and Towns in GERMANY by First Letter - Statistics

General Stats
  • This quiz has been taken 363 times
  • The average score is 17 of 26
Answer Stats
Letter Population CITY/TOWN % Correct
B 3,520,031 Berlin
99%
C or K 1,060,582 Cologne
97%
H 1,787,408 Hamburg
96%
M 1,450,381 Munich
96%
F 732,688 Frankfurt am Main
93%
D 612,178 Dusseldorf
90%
E 582,624 Essen
88%
S 623,738 Stuttgart
87%
N 509,975 Nuremberg
85%
L 560,472 Leipzig
82%
A 286,374 Augsburg
68%
W 350,046 Wuppertal
59%
J 109,527 Jena
58%
U 122,636 Ulm
58%
C 248,645 Chemnitz
57%
P 167,745 Potsdam
57%
K 307,755 Karlsruhe
56%
R 206,011 Rostock
55%
I 132,438 Ingolstadt
54%
G 260,368 Gelsenkirchen
47%
Z 91,123 Zwickau
37%
T 114,914 Trier
34%
O 210,934 Oberhausen
33%
X 21,510 Xanten
33%
Q 24,555 Quedlinburg
24%
V 84,674 Villingen-Schwenningen
17%
No matching quizzes found
Score Distribution
Percent of People with Each Score
Percentile by Number Answered
Your Score History
You have not taken this quiz